000 00418nam a22001457a 4500
005 20160122145356.0
008 151207b xxu||||| |||| 00| 0 eng d
040 _cPK-LaUMT
082 _aMSC 928.91439
_bISH-Z
100 _aاشفاق احمد
245 _aزمانہ بڑے شوق سے سن رہا تھا
_cاشفاق احمد
260 _aلاہور
_bخالد بک ڈپو
_c2004
300 _a322 ص
942 _cBK
999 _c80639
_d80639